000 00323nam a22001337a 4500
008 190304b xxu||||| |||| 00| 0 eng d
020 _a9781930808867
041 _aeng
080 _245th
_a615
100 _a5
101 _aFAR
245 _aThe Sanford Guide To Antimicrobial Therapy 2015
_cGilbert,D.N
942 _2udc
_cBK
999 _c54395
_d54395